• AIU
  • Tony Wilmot Memorial Library

Journal of political economy (Record no. 58742)

MARC details
000 -LEADER
fixed length control field 01787cas a22004451 4500
001 - CONTROL NUMBER
control field 11265866
003 - CONTROL NUMBER IDENTIFIER
control field OSt
005 - DATE AND TIME OF LATEST TRANSACTION
control field 20140226164343.0
007 - PHYSICAL DESCRIPTION FIXED FIELD--GENERAL INFORMATION
fixed length control field hd afb---baca
008 - FIXED-LENGTH DATA ELEMENTS--GENERAL INFORMATION
fixed length control field 790911c18929999ilubr p a 0 a0eng d
010 ## - LIBRARY OF CONGRESS CONTROL NUMBER
LC control number sn 83004103
022 ## - INTERNATIONAL STANDARD SERIAL NUMBER
International Standard Serial Number 0022-3808
035 ## - SYSTEM CONTROL NUMBER
System control number (OCoLC)ocm05362200
040 ## - CATALOGING SOURCE
Original cataloging agency CLU
Language of cataloging eng
Transcribing agency CLU
Modifying agency PPiU
-- InU
-- DLC
-- NST
-- InU
-- OCoLC
-- OkLC
-- OCoLC
042 ## - AUTHENTICATION CODE
Authentication code msc
050 00 - LIBRARY OF CONGRESS CALL NUMBER
Classification number HB1
Item number .J7
050 14 - LIBRARY OF CONGRESS CALL NUMBER
Classification number HB1
Item number .J7
210 0# - ABBREVIATED TITLE
Abbreviated title J. polit. econ.
222 #0 - KEY TITLE
Key title Journal of political economy
245 00 - TITLE STATEMENT
Title Journal of political economy
Medium [microform].
260 ## - PUBLICATION, DISTRIBUTION, ETC. (IMPRINT)
Place of publication, distribution, etc [Chicago]
Name of publisher, distributor, etc University of Chicago Press.
300 ## - PHYSICAL DESCRIPTION
Extent v.
Other physical details maps
Dimensions 25 cm.
362 0# - DATES OF PUBLICATION AND/OR SEQUENTIAL DESIGNATION
Dates of publication and/or sequential designation v. 1- Dec. 1892-
500 ## - GENERAL NOTE
General note Editors: Dec. 1892-<1917> J.L. Laughlin and others (J.A. Field, managing editor, Oct. 1916-<1917>).
525 ## - SUPPLEMENT NOTE
Supplement note Supplements accompany some vols.
533 ## - REPRODUCTION NOTE
Type of reproduction Microfilm.
Place of reproduction Ann Arbor, Mich. :
Agency responsible for reproduction University Microfilms International.
Physical description of reproduction microfilm reels ; 35 mm.
550 ## - ISSUING BODY NOTE
Issuing body note Vols. for 1892-June 1911 issued by the Dept. of Political Economy, University of Chicago; July 1911-July 1920 by the University of Chicago in cooperation with the Western Economic Society.
590 ## - LOCAL NOTE (RLIN)
Local note SERBIB/SERLOC merged record
650 #0 - SUBJECT ADDED ENTRY--TOPICAL TERM
Topical term or geographic name as entry element Economics
Form subdivision Periodicals.
9 (RLIN) 25620
700 1# - ADDED ENTRY--PERSONAL NAME
Personal name Laughlin, J. Laurence
Fuller form of name (James Laurence),
Dates associated with a name 1850-1933.
9 (RLIN) 25621
700 1# - ADDED ENTRY--PERSONAL NAME
Personal name Field, James Alfred,
Dates associated with a name 1880-1927.
9 (RLIN) 25622
710 2# - ADDED ENTRY--CORPORATE NAME
Corporate name or jurisdiction name as entry element University of Chicago.
Subordinate unit Department of Political Economy.
9 (RLIN) 25623
710 2# - ADDED ENTRY--CORPORATE NAME
Corporate name or jurisdiction name as entry element University of Chicago.
9 (RLIN) 25624
710 2# - ADDED ENTRY--CORPORATE NAME
Corporate name or jurisdiction name as entry element Western Economic Society (U.S.)
9 (RLIN) 25625
776 1# - ADDITIONAL PHYSICAL FORM ENTRY
Qualifying information Original
Record control number (DLC) 08001721
-- (OCoLC)1754747
906 ## - LOCAL DATA ELEMENT F, LDF (RLIN)
a 7
b cbc
c serials
d u
e ncip
f 19
g n-oclcserc
942 ## - ADDED ENTRY ELEMENTS (KOHA)
Source of classification or shelving scheme Library of Congress Classification
Koha item type Periodicals
Serial record 1
Holdings
Withdrawn status Lost status Source of classification or shelving scheme Damaged status Not for loan Collection code Home library Current library Shelving location Date acquired Total Checkouts Full call number Date last seen Price effective from Koha item type
    Library of Congress Classification     Serials AIU/NEGST - Tony Wilmot Memorial Library AIU/NEGST - Tony Wilmot Memorial Library Serials 02/26/2014   Microfilm (o) 83/121 02/26/2014 02/26/2014 Periodicals